| Registos Bibliográficos associados ao registo de autoridade |
|
Etiqueta de registo: 01397cam 2200313 450 001 588535 003 http://id.bnportugal.gov.pt/bib/catbnp/588535 005 19990104000000.0 021 ## $aPT$b60105/92 095 ## $aPTBN00797827 100 ## $a19960228d1995 k y0pory0103 ba 101 0# $apor 102 ## $aPT 105 ## $aa z 001yy 106 ## $ar 200 1# $aGuia da licenciatura em Engenharia Informática e de Computadores$fDepartamento de Engenharia Electrónica e de Computadores, Departamento de Engenharia
Mecânica, Departamento de Matemática$gcompil. João Pavão Martins 210 #9 $a[Lisboa]$cI.S.T.,$d1995 215 ## $a[2], IV, 97, [1] p.$cil.$d21 cm 601 02 $aUniversidade Técnica de Lisboa.$bInstituto Superior Técnico$xLicenciatura em Engenharia Informática e de Computadores$x[Guias]$2SIPOR$3207570 675 ## $a378.2(036)$vBN$zpor$3620564 675 ## $a681.3(036)$vBN$zpor$3516739 702 #1 $aMartins,$bJoão Pavão$4220$337349 710 02 $aUniversidade Técnica de Lisboa.$bInstituto Superior Técnico.$bDepartamento de Engenharia Electrotécnica e de Computadores$381178 711 02 $aUniversidade Técnica de Lisboa.$bInstituto Superior Técnico.$bDepartamento de Engenharia Mecânica$4070$381180 711 00 $aUniversidade Técnica de Lisboa.$bInstituto Superior Técnico.$bDepartamento de Matemática$4070$381182 801 #0 $aPT$bBN$gRPC 966 ## $c2$lBN$mFGMON$sS.C. 73974 V.$x1 966 ## $c2$lBN$mFGMON$sS.C. 73974 V.$x1 997 ## $aBIBEOD
Etiqueta de registo: 01138cam 2200277 450 001 465234 003 http://id.bnportugal.gov.pt/bib/catbnp/465234 005 19990101000000.0 021 ## $aPT$b78882/94 095 ## $aPTBN00667782 100 ## $a19941031d1994 ek y0pory0103 ba 101 0# $apor 102 ## $aPT 105 ## $ay z 001yy 106 ## $ar 200 1# $aGuia da licenciatura em engenharia electrotécnica e de computadores$e1994-95$fDepartamento de Engenharia Electrotécnica e de Computadores, Instituto Superior Técnico$gcoord. J. Paulo Teixeira 210 #9 $aLisboa$cIST,$d1994 215 ## $a123 p., [2] f.$d21 cm 601 02 $aUniversidade Técnica de Lisboa.$bInstituto Superior Técnico.$bDepartamento de Engenharia Electrotécnica e de Computadores$z1994-1995$$ [ Guias]$3561520 675 ## $a378.4"1994/1995"(036)$vBN$zpor$3561521 675 ## $a621.3 (094.5)$vBN$zpor$3292154 702 #1 $aTeixeira,$bJ. Paulo$4340$3152693 710 02 $aUniversidade Técnica de Lisboa.$bInstituto Superior Técnico.$bDepartamento de Engenharia Electrotécnica e de Computadores$381178 801 #0 $aPT$bBN$gRPC 966 ## $c2$lBN$mFGMON$sS.C. 71288 V.$x1 966 ## $c2$lBN$mFGMON$sS.C. 71288 V.$x1 997 ## $aBIBEOD
Etiqueta de registo: 01193cam 2200277 450 001 381290 003 http://id.bnportugal.gov.pt/bib/catbnp/381290 005 19981230000000.0 021 ## $aPT$b60105/92 095 ## $aPTBN00407434 100 ## $a19921221d1992 m y0pory0103 ba 101 0# $apor 102 ## $aPT 105 ## $aa z 0 1yy 106 ## $ar 200 1# $aGuia da licenciatura em Engenharia Informática e de Computadores$fDepartamento de Engenharia Electrotécnica e de Computadores, Departamento de Engenharia
Mecânica, Departamento de Matemática$gcompil. João Pavão Martins 210 #9 $aLisboa$cIST,$d1992 215 ## $a74, [1] p.$cil.$d21 cm 675 ## $a681.3(036)$vBN$zpor$3516739 702 #1 $aMartins,$bJoão Pavão$4220$337349 710 02 $aUniversidade Técnica de Lisboa.$bInstituto Superior Técnico.$bDepartamento de Engenharia Electrotécnica e de Computadores$381178 711 02 $aUniversidade Técnica de Lisboa.$bInstituto Superior Técnico.$bDepartamento de Engenharia Mecânica$4070$381180 711 00 $aUniversidade Técnica de Lisboa.$bInstituto Superior Técnico.$bDepartamento de Matemática$4070$381182 801 #0 $aPT$bBN$gRPC 966 ## $c2$lBN$mFGMON$sS.A. 74129 V.$x1 966 ## $c2$lBN$mFGMON$sS.A. 74129 V.$x1 997 ## $aBIBEOD
Etiqueta de registo: 00000nkm 2200025 450 001 2281557 003 http://id.bnportugal.gov.pt/bib/catbnp/2281557 100 ## $a20260318d1986 m y0pory01030103ba 101 0# $apor 102 ## $aPT 200 1# $a2.º Simpósio de Electrónica das Telecomunicações, Lisboa, 21, 22, 23 [de] maio [de]
86$bVisual gráfico]$fIEEE - Portugal Section, Centro de Electrónica Aplicada - Universidade Técnica de
Lisboa, Ordem dos Engenheiros, Departamento de Engenharia Electrotécnica e de Computadores
do Instituto Superior Técnico e INESC 210 #9 $aLisboa$cCentro de Electrónica Aplicada - Universidade Técnica de Lisboa,$d1986 215 ## $a1 cartaz$ccolor.$d38,7x27,5 cm 317 ## $aColeção Madeira Luís 710 12 $aSimpósio de Electrónica das Comunicações,$d2,$eLisboa,$f1986$31992344 712 02 $aIEEE.$bPortugal Section$3232689 712 02 $aCentro de Electrónica Aplicada - Universidade Técnica de Lisboa$31992345 712 02 $aOrdem dos Engenheiros$313203 712 02 $aUniversidade Técnica de Lisboa.$bInstituto Superior Técnico.$bDepartamento de Engenharia Electrotécnica e de Computadores$381178 712 02 $aINESC$329605 801 #0 $aPT$bBN$gRPC 966 ## $lBN$mICONOG$sCT. 16469 V.$x3 971 ## $cCaticonografia9$d20260318 995 ## $aPRR2026
|
|
|